Gemeinden von Luxemburg auf einer Karte - Statistiken

Allgemein
  • Dieses Quiz wurde 1.625 mal gespielt
    868 seit der letzten Aktualisierung
  • Das Durchschnittsergebnis liegt bei 31 aus 101
Antworten auf der Karte
Die Antworten werden auf der Karte rot bzw. grün angezeigt, abhängig davon wie oft sie richtig erraten wurden.
 
Antwortstatistiken
Kanton Gemeinde % Korrekt
Luxemburg Luxemburg
97%
Esch an der Alzette Esch an der Alzette
74%
Wiltz Esch-Sauer
74%
Esch an der Alzette Düdelingen
57%
Echternach Echternach
50%
Remich Schengen
48%
Esch an der Alzette Differdingen
46%
Grevenmacher Grevenmacher
43%
Vianden Vianden
43%
Diekirch Diekirch
42%
Mersch Mersch
42%
Remich Remich
42%
Wiltz Wiltz
42%
Clerf Clerf
41%
Diekirch Ettelbrück
41%
Esch an der Alzette Petingen
37%
Esch an der Alzette Bettemburg
36%
Mersch Colmar-Berg
36%
Remich Bad Mondorf
35%
Capellen Mamer
35%
Redingen Redingen
34%
Redingen Wahl
34%
Luxemburg Hesperingen
33%
Esch an der Alzette Schifflingen
33%
Grevenmacher Junglinster
32%
Esch an der Alzette Kayl
32%
Esch an der Alzette Rümelingen
32%
Luxemburg Strassen
32%
Echternach Rosport-Mompach
31%
Remich Bous-Waldbredimus
30%
Grevenmacher Mertert
30%
Esch an der Alzette Monnerich
30%
Luxemburg Niederanven
30%
Luxemburg Sandweiler
30%
Esch an der Alzette Sassenheim
30%
Capellen Steinfort
30%
Clerf Ulflingen
30%
Mersch Bissen
29%
Luxemburg Contern
29%
Esch an der Alzette Frisingen
29%
Capellen Käerjeng
29%
Esch an der Alzette Leudelingen
29%
Luxemburg Walferdingen
29%
Clerf Weiswampach
29%
Grevenmacher Wormeldingen
29%
Echternach Befort
28%
Esch an der Alzette Roeser
28%
Remich Stadtbredimus
28%
Wiltz Stauseegemeinde
28%
Luxemburg Bartringen
27%
Capellen Dippach
27%
Redingen Ell
27%
Capellen Kehlen
27%
Capellen Kopstal
27%
Clerf Parc Hosingen
27%
Esch an der Alzette Reckingen/Mess
27%
Luxemburg Steinsel
27%
Luxemburg Weiler zum Turm
27%
Clerf Wintger
27%
Echternach Berdorf
26%
Echternach Consdorf
26%
Remich Dalheim
26%
Diekirch Erpeldingen an der Sauer
26%
Mersch Fels
26%
Grevenmacher Flaxweiler
26%
Capellen Garnich
26%
Mersch Lintgen
26%
Mersch Lorentzweiler
26%
Redingen Rambruch
26%
Luxemburg Schüttringen
26%
Grevenmacher Betzdorf
25%
Diekirch Bettendorf
24%
Grevenmacher Biwer
24%
Diekirch Feulen
24%
Capellen Koerich
24%
Grevenmacher Manternach
24%
Diekirch Reisdorf
24%
Vianden Tandel
24%
Redingen Useldingen
24%
Echternach Waldbillig
24%
Wiltz Bauschleiden
23%
Echternach Bech
23%
Redingen Beckerich
23%
Mersch Fischbach
23%
Redingen Grosbous
23%
Capellen Habscht
23%
Mersch Heffingen
23%
Remich Lenningen
23%
Diekirch Mertzig
23%
Redingen Vichten
23%
Mersch Helperknapp
22%
Redingen Préizerdaul
22%
Vianden Pütscheid
22%
Redingen Saeul
22%
Diekirch Schieren
22%
Diekirch Burscheid
21%
Diekirch Ernztalgemeinde
21%
Wiltz Kiischpelt
21%
Mersch Nommern
21%
Wiltz Winseler
21%
Wiltz Goesdorf
20%
Keine übereinstimmenden Quizze gefunden
Verteilung der Resultate
Anzahl Personen mit jedem Resultat
Perzentil nach korrekt beantworteten Fragen
Ihre Resultats-Entwicklung
Sie haben dieses Quiz seit der letzten Aktualisierung nicht gespielt